| 000 | 00683nam a2200217Ia 4500 | ||
|---|---|---|---|
| 001 | 14181 | ||
| 003 | GE_BSU | ||
| 008 | 181216s||||||||xx |||||||||||||| ||und|| | ||
| 040 | _cGE_BSU | ||
| 245 | _aInternational review of the Red Cross. volume 95, Part I. number 889 Spring 2013 | ||
| 245 | _bViolence against health care.Humanitarian debate: Law,Policy,Action | ||
| 260 | _aCambridge | ||
| 260 | _c2013 | ||
| 300 | _a246p.22cm. | ||
| 520 | _aნაჩუქარი | ||
| 653 | _aHumanitarian debate: Law,Policy,Action | ||
| 653 | _aInternational review of the Red Cross | ||
| 653 | _aViolence against health care | ||
| 653 | _aპერიოდიკა | ||
| 942 | _cCR | ||
| 999 |
_c47320 _d47320 |
||